Mi mujer : flores tardías /

Guardado en:
Autor Principal: Chejov, Anton
Formato: Libro
Publicado: Buenos Aires : Andrés Bello, 1981
Series:Club de lectores; No. 31
Materias:
Etiquetas: Agregar Etiqueta
Sin Etiquetas, Sea el primero en etiquetar este registro!
LEADER 00682nam a22002295a 4500
001 CEM.cems001669
005 20060214000000.0
008 130507s1981##################000#0#####d
003 CEMS
082 0 4 |a 891.733 
100 1 |a Chejov, Anton 
245 1 0 |a Mi mujer :  |b flores tardías /  |c Anton Chejov 
260 |a Buenos Aires :  |b Andrés Bello,  |c 1981 
300 |a 131 p. 
490 0 |a Club de lectores; No. 31 
505 0 |a Flores tardías 
653 |a Literatura 
653 |a Literatura rusa 
653 |a Novela rusa 
653 |a Novelas 
859 |a CEMS  |b BIB. CEMS - 11 de abril  |h 891.733  |i Ch416  |p 14636.87  |t Ej.1 
859 |a CEMS  |b BIB. CEMS - 11 de abril  |h 891.733  |i Ch416  |p 14637.87  |t Ej.2